Giáo trình hóa tin cơ sở
Gồm các nội dung: Đại cương về hóa tin; Đại số tuyến tính và ứng dụng; Tính gần đúng, xấp xỉ hàm và mô hình thực nghiệm; QSAR và phân tách phổ hỗn hợp; Giải phương trình vi phân - động hóa học; Mạng nơron lan truyền ngược; Thuật giải di...
Guardado en:
| Autor principal: | |
|---|---|
| Formato: | Libro |
| Lenguaje: | Undetermined |
| Publicado: |
H.
Đại học Quốc gia Hà Nội
2008
|
| Materias: | |
| Acceso en línea: | http://lrc.tdmu.edu.vn/opac/search/detail.asp?aID=2&ID=7586 |
| Etiquetas: |
Agregar Etiqueta
Sin Etiquetas, Sea el primero en etiquetar este registro!
|
| Thư viện lưu trữ: | Trung tâm Học liệu Trường Đại học Thủ Dầu Một |
|---|
| LEADER | 01089nam a2200205Ia 4500 | ||
|---|---|---|---|
| 001 | TDMU_7586 | ||
| 008 | 210410s9999 xx 000 0 und d | ||
| 082 | |a 540.285 | ||
| 090 | |b Đ116 | ||
| 100 | |a Đặng, Ứng Vận | ||
| 245 | 0 | |a Giáo trình hóa tin cơ sở | |
| 245 | 0 | |c Đặng Ứng Vận | |
| 260 | |a H. | ||
| 260 | |b Đại học Quốc gia Hà Nội | ||
| 260 | |c 2008 | ||
| 300 | |a 336 tr. | ||
| 520 | |a Gồm các nội dung: Đại cương về hóa tin; Đại số tuyến tính và ứng dụng; Tính gần đúng, xấp xỉ hàm và mô hình thực nghiệm; QSAR và phân tách phổ hỗn hợp; Giải phương trình vi phân - động hóa học; Mạng nơron lan truyền ngược; Thuật giải di truyền và Khai thác dữ liệu. | ||
| 650 | |a Hóa học |x Chương trình máy tính |v Giáo trình; Hóa tin | ||
| 856 | |u http://lrc.tdmu.edu.vn/opac/search/detail.asp?aID=2&ID=7586 | ||
| 980 | |a Trung tâm Học liệu Trường Đại học Thủ Dầu Một | ||